Управленско общуване и управленски процес (Запис номер 178781)
[ съкратено ]
| 000 -Лидер | |
|---|---|
| Контролно поле с фиксирана дължина | 01704nam a2200385 c 4500 |
| 003 - Код на организацията, давaща контролен номер | |
| Контролно поле | BLK |
| 005 - Дата и час на последна редакция | |
| Контролно поле | 20220126143906.0 |
| 008 - Елементи от данни с фиксирана дължина | |
| fixed length control field | 180411b bul|||||r ||||||| ||bul|| |
| 010 ## - Наследен системен номер | |
| LC control number | KNG00187521000 |
| 040 ## - Източник на каталожния запис | |
| Идентификатор на билиотеката - собственик на записа | BLK |
| 041 ## - Код за език | |
| Код за езика на текст/звукозапис или на отделно заглавие | Български |
| Код за езика КДБФ | Български |
| Други езици | Английски |
| 072 #7 - Код за тематичната категория | |
| Код организация | bullib |
| Код за тематична категория | Н6201 |
| Текст | Мениджмънт Н |
| 080 ## - УДК | |
| Текстов определител УДК | Методи на управление. Мениджмънт. Анализи, планиране, ръководство, сътрудничество, контрол, коопериране и др. |
| УДК код - определител по УДК | 005.5 |
| УДК - код + определител | 005.5 |
| 080 ## - УДК | |
| Текстов определител УДК | Научно управление на обществото. Социални процеси. Социални отношения. |
| УДК код - определител по УДК | 316.43/.47 |
| УДК - код + определител | 316.43/.47 |
| 100 1# - Редна дума - Автор | |
| Автор | Йорданова, Елена |
| Авторска отговорност | първи автор |
| Автор - информация (биография) | Шопова, Елена Йорданова |
| R(LIN) | 379538 |
| 139 ## - Редно поле | |
| Редна дума | Йорданова, Елена |
| Авторски знак | Иорд - И 83 |
| 245 10 - Сведения за заглавието | |
| Заглавие | Управленско общуване и управленски процес |
| Редно поле (дума) | Елена Йорданова. |
| 257 ## - Страна на издаване | |
| Страна на създаване/издаване | България |
| 260 ## - Област на издателските данни | |
| Име на издателя, разпространителя и проч. | Акад. изд. Д. А. Ценов |
| Година на издаване | 2015 |
| 300 ## - Физическа характеристика | |
| Страници | 163 с. |
| Размери/Мащаб | 24 см |
| 380 ## - Жанр | |
| Жанр | Общ отдел |
| 490 1# - СЕРИИ (Колекции) | |
| Име на серия | Библиотека Стопански свят |
| №: серия | бр. 125 |
| 500 ## - Общи забележки | |
| Забележка | Изд. на Стоп. акад. "Д. А. Ценов" - Свищов. - Библиогр.: с. 154-160. - Рез. на бълг., англ. ез. |
| 650 #4 - Допълнително описание по предмет – тема | |
| Основно описание – тема или топоним | Управление и организация |
| 9 (RLIN) | 265069 |
| 650 #4 - Допълнително описание по предмет – тема | |
| Основно описание – тема или топоним | Организационно поведение |
| 9 (RLIN) | 267078 |
| 653 ## - Ключова дума – ненормативна | |
| Ключова дума | управленски практики |
| 653 ## - Ключова дума – ненормативна | |
| Ключова дума | общуване |
| 653 ## - Ключова дума – ненормативна | |
| Ключова дума | организационно поведение |
| 659 ## - Тематичен бюлетин | |
| Тематичен бюлетин | Н |
| 852 ## - Местоположение | |
| Форматна сигнатура | Цб 280268 |
| 856 4# - Електронен адрес и достъп | |
| Електронен формат | pdf - файл |
| 856 4# - Електронен адрес и достъп | |
| Електронен формат | pdf - файл |
| 999 ## - СИСТЕМНИ КОНТРОЛНИ НОМЕРА | |
| Koha biblionumber | 178781 |
| Koha biblioitemnumber | 178781 |
| 942 ## - АРТИКУЛИ | |
| Вид на библиотечния материал | Книги |
| Скрит в OPAC | Не |
| Koha issues (borrowed), all copies | 3 |
| Периодичен библиозапис | Да |
| 944 ## - СЪЗДАВАНЕ И РЕДАКЦИЯ на ЗАПИСА | |
| Създаване/Редакция | Създаване |
| Дата на регистрацията/редакция | 12.04.2016 |
| Статус, дата на статуса | ф / |
| Служител, извършил регистрацията/редакцията | Виолета_Тройчева |
| 944 ## - СЪЗДАВАНЕ И РЕДАКЦИЯ на ЗАПИСА | |
| Създаване/Редакция | Редакция |
| Дата на регистрацията/редакция | 20.03.2017 |
| Статус, дата на статуса | ф / |
| Служител, извършил регистрацията/редакцията | Виолета_Тройчева |
| 999 ## - СИСТЕМНИ КОНТРОЛНИ НОМЕРА | |
| Koha biblioitemnumber | 178781 |
| Код за отписване | Код за изгубен артикул | Код за повреда | Коз за рестрикции | Код за отдаване | Артикулен № | Име на библиотеката - собственик | Име на библиотеката, в която се намира в момента | Статус (Текущо местоположение) | Дата на вписване в системата | Местоположение - отдел | Цена в лева | Инвентарен номер | Систематично азбучна сигнатура | Баркод | Номер на екземпляра | Цена в евро | Служебна бележка | Служебен тип на артикула | Източник на класификационната схема |
|---|---|---|---|---|---|---|---|---|---|---|---|---|---|---|---|---|---|---|---|
| Не е изгубен | Не е повреден | без рестрикции | ползва се в читалня | 306864 | Регионална библиотека "Любен Каравелов" Русе | Регионална библиотека "Любен Каравелов" Русе | Хранилище | 2016-04-11 | Хранилище | 9.00 | 120000799592 | Цб 280268 | 120000799592 | 1 | 4.60 | Дост: Dp Вид: Д N: 12 Дата: 01.03.2016 | Книги | ||
| Не е изгубен | Не е повреден | без рестрикции | заемане за дома | 306865 | Регионална библиотека "Любен Каравелов" Русе | Регионална библиотека "Любен Каравелов" Русе | Заемна - подръчен фонд | 2016-07-11 | Заемна - подръчен фонд | 9.00 | 120000802191 | 005.5/И 83 | 120000802191 | 2 | 4.60 | Дост: DA Вид: А N: 27 Дата: 11.07.2016 Дата инв: 06.02.2018 Бележки инв: П2018 | Книги | Universal Decimal Classification |